000 02229nac a2200265 a 4500
003 Co-PeBPM
005 20241103204212.0
008 241103s2005 ck |||| |||| 00| 0 spa d
020 _a9681860705
040 _aCo-PeBPM
_bspa
_cCo-PeBPM
_erda
041 _aspa
082 0 4 _a370.115 S684e
_222
100 1 0 _aSolana, Fernando
_ecompilador
245 1 0 _aEducar ¿para qué?
_c/ Fernando Solana, compilador
260 _aMéxico
_b: Limusa, Noriega,
_c2005
300 _a258 páginas
_c23 centímetros
490 _aReflexión y análisis
500 _aIncluye índice
520 _aCon el objeto de pensar en las razones que están detrás de la pregunta educar ¿para qué?, en este libro, el lector podrá encontrar un ejercicio brillante del pensamiento humano que mueve, sin duda, a la reflexión en torno al tema central de nuestro tiempo: la educación. Desde el enfoque de la sociología, la pedagogía, la prospectiva, la cultura y los medios de comunicación, un grupo de especialistas intenta responder en estas págis, a esa pregunta generadora y perturbadora: educar ¿para qué? De ella surgen múltiples escerios: la productividad, la competencia interciol, la solidaridad, la formación de mexicanos y mexicas, la de los habitantes de este planeta globalizado, la libertad, la justicia social, la convivencia en la diversidad. Esta novedosa reflexión refuerza la visión del papel fundamental de la educación como el motor del cambio, y no como un elemento más, entre otros, para impulsar y consolidar cl desarrollo económico y social. Los lectores podrán encontrar en él, u nueva reflexión sobre las múltiples interrogantes de quienes esperan, de la educación, la formación de ciudadanos preparados no sólo para enfrentar la complejidad y velocidad de los cambios que están transformando la sociedad, sino para contribuir a resolver sus problemas y desigualdades, y consolidar un desarrollo justo, humano, solidario e incluyente. Un desarrollo, en fin, que realmente beneficie a todos.
650 1 4 _aEducación
_2LEMB
_zMéxico
650 1 4 _aEducación superior
_2LEMB
_zMéxico
650 1 4 _aEducación tecnológica
_2LEMB
650 1 4 _aSociología de la educación
_2LEMB
942 _2ddc
_cBK
_n0
999 _c60125
_d60125